000 00294nam a2200109Ia 4500
008 220204s9999 xx 000 0 und d
082 _a61:613(614)
_bBHA
100 _aBhagwan Dash
245 0 _aAyurveda for healthy living: Indian system of medicine
260 _aDelhi
_bHind
_c1977
942 _cBK
999 _c29097
_d29097